MARC details
| 000 -LÍDER |
| campo de controle de tamanho fixo |
02403nam a2200349 4500 |
| 001 - NÚMERO DE CONTROLE |
| campo de controle |
173 |
| 003 - IDENTIFICADOR DO NÚMERO DE CONTROLE |
| campo de controle |
OSt |
| 005 - DATA E HORÁRIO DA ÚLTIMA TRANSAÇÃO |
| campo de controle |
20250528074013.0 |
| 008 - CAMPO DE DADOS FIXOS--INFORMAÇÃO GERAL |
| campo de controle de tamanho fixo |
250130b |||||||g |||| 00| 1 eng d |
| 020 ## - ISBN - INTERNATIONAL STANDARD BOOK NUMBER |
| ISBN - International Standard Book Number |
9788501061157 |
| 040 ## - FONTE DA CATALOGAÇÃO |
| Idioma da catalogação |
por |
| 041 ## - CÓDIGO DE IDIOMA |
| Código do idioma do original e/ou traduções intermediárias do texto |
eng |
| Código do idioma do texto/trilha sonora ou título diferente |
por |
| 082 ## - CDD - CLASSIFICAÇÃO DECIMAL DE DEWEY |
| Número de Classificação |
823 |
| Número do exemplar |
C821e |
| 100 1# - ENTRADA PRINCIPAL--NOME PESSOAL |
| Nome pessoal |
Cornwell, Bernard, |
| Datas associadas ao nome |
1944- |
| 9 (RLIN) |
324 |
| 240 ## - TÍTULO UNIFORME |
| Título uniforme |
Excalibur |
| 245 ## - TÍTULO |
| Título |
Excalibur / |
| Indicação de responsabilidade, etc. |
Cornwell, Bernard ; Tradução de Alves Calado |
| 250 ## - EDIÇÃO |
| Declaração de edição |
19° edição |
| 260 ## - PUBLICAÇÃO, DISTRIBUIÇÃO, ETC. |
| Local de publicação, distribuição, etc. |
Rio de Janeiro |
| Nome do editor, distribuidor, etc. |
Record |
| Data da publicação, distribuição, etc. |
2013 |
| 300 ## - DESCRIÇÃO FÍSICA |
| Extensão |
532 p. |
| 490 1# - TÍTULO DA SÉRIE |
| Título da série |
As crônicas de Artur |
| Número do volume ou designação sequencial da série |
vol. 03 |
| 520 ## - NOTA DE RESUMO, ETC. |
| Resumo, etc. |
Neste terceiro volume da série, iniciada com "O Rei do Inverno" e seqüenciada por "O Inimigo de Deus", o escritor imerge o leitor em uma Britânia cercada pela escuridão. E apresenta os últimos esforços de Artur pra combater os saxões e triunfar sobre um casamento e sonhos desfeitos. "Excalibur" mostra, ainda, o desespero de Merlin, o maior de todos os druidas, ao perceber a deserção dos antigos deuses bretões. Sem seu poder, Merlin acha impossível combater os cristãos, mais perigosos para a velha ilha do que uma horda de famintos guerreiros saxões. O livro traz vívidas descrições de lutas de espada e estratégias de guerra, misturadas com descrições da vida comum naqueles dias: longas barbas servindo como guardanapos, festivais pagãos, com sacrifícios de animais, e pragas corriqueiras, como piolhos. Tendo por narrador um saxão criado entre os bretões, Derfel, braço direito de Artur, "Excalibur" acompanha os conflitos internos de Artur, recém-separado da esposa, mas ainda apaixonado por sua rainha. Atacado por velhos inimigos, perseguido por novos perigos. Mas sempre empunhando a espada Excalibur, um dos Tesouros da Britânia legados aos homens pelos antigos deuses dos druidas. Cornwell mostra, ainda, como as ameaças vindas de todos os lados acabam fazendo com que Artur se volte para a religião, chegando a batizar-se como cristão. Todos os sacrifícios são válidos para salvar sua adorada Britânia e conceder-lhe a tão almejada paz. |
| 650 #0 - ASSUNTO--TERMO TÓPICO |
| Cabeçalho tópico ou nome geográfico |
Literatura Inglesa |
| 9 (RLIN) |
89 |
| 650 #0 - ASSUNTO--TERMO TÓPICO |
| Cabeçalho tópico ou nome geográfico |
Mitologia |
| 9 (RLIN) |
128 |
| 650 #0 - ASSUNTO--TERMO TÓPICO |
| Cabeçalho tópico ou nome geográfico |
Fantasia |
| 9 (RLIN) |
45 |
| 650 #0 - ASSUNTO--TERMO TÓPICO |
| Cabeçalho tópico ou nome geográfico |
Aventura |
| 9 (RLIN) |
47 |
| 650 #0 - ASSUNTO--TERMO TÓPICO |
| Cabeçalho tópico ou nome geográfico |
História |
| 9 (RLIN) |
116 |
| 655 #0 - TERMO DE ÍNDICE--GÊNERO E FORMA |
| Gênero/forma/ou termo foco |
Romance |
| 655 #0 - TERMO DE ÍNDICE--GÊNERO E FORMA |
| Gênero/forma/ou termo foco |
Ficção |
| 700 ## - ENTRADA ADICIONADA - NOME PESSOAL |
| Nome pessoal |
Alves Calado |
| Função do autor por extenso |
Tradutor |
| 9 (RLIN) |
325 |
| 830 ## - ENTRADA SECUNDÁRIA DE SÉRIE--TÍTULO UNIFORME |
| Título uniforme |
As crônicas de Artur |
| Número do volume ou designação sequencial da série |
vol. 03 |
| 9 (RLIN) |
326 |
| 942 ## - ELEMENTOS DE ENTRADA ADICIONADOS (KOHA) |
| Fonte de classificação ou esquema de arquivamento |
Classificação decimal de Dewey |
| Ocultar no OPAC |
Não |
| Tipo de material Koha |
Livros |